| 000 | 00688nam a22002057a 4500 | ||
|---|---|---|---|
| 999 |
_c17390 _d17390 |
||
| 003 | AR-CdUCM | ||
| 008 | 190508b ||||| |||| 00| 0 spa d | ||
| 040 |
_aMUNICIPALIDAD PROVINCIAL DEL CUSCO _cBIBLIOTECA MUNICIPAL DEL CUSCO |
||
| 082 |
_a376.9 / _bP77 |
||
| 100 |
_aPopham, W. James. _937375 |
||
| 245 | _aLos objetivos de la enseñanza / | ||
| 260 |
_aBuenos Aires : _bPaidos, _c1972. |
||
| 300 |
_a124 páginas ; _c21 cm. |
||
| 500 | _aCentro regional de ayuda técnica, agencia para el desarrollo internacional. | ||
| 505 | _aContenido :Plan de la obra ... | ||
| 650 |
_aEnseñanza. _91616 |
||
| 700 |
_aBaker, Eva L. _937376 |
||
| 942 |
_2ddc _cLIBROS |
||
| 945 |
_arum _d2019-05-08 |
||